LEADER 00614nas 2200217 450 001 000017948 005 20161206102415.0 011 $a1974-1286 100 $a20081021a2008----km-y0itay50------ba 101 0 $aita 102 $aIT 110 $aagan---0--- 200 1 $aDialoghi tributari$ebimestrale di approfondimento e confronto sugli aspetti strutturali della tassazione 210 $aMilano$cIPSOA$d2008- 326 $aBimestrale 610 1 $aTributi 801 0$aIT$bUNIPARTHENOPE$gRICA$2UNIMARC 912 $a000017948 958 $a2008-2015$cNAVA1 996 $aDialoghi tributari$91202005 997 $aUNIPARTHENOPE LEADER 01789nam 2200505 450 001 000001882 005 20090904111100.0 100 $a--------d1921----km-y0itay0103----ba 101 0 $aeng 102 $aUS 200 1 $aAccepting the universe and the light of day$fby John Burroughs 200 1 $a1 $n0000749 210 $aBoston$cHoughton Mifflin$d1921 215 $aXVII, 575 p. in varie sequenze$d21 cm. 312 $aTit. sul dorso: Burroughs's complete works ; 10 516 $aBurroughs's complete works 676 $a210 700 1$aBurroughs,$bJohn$0438802 801 0$aIT$bUniversità della Basilicata - B.I.A.$gRICA$2unimarc 912 $a000001882 996 $aAccepting the universe and the light of day$971648 997 $aUNIBAS BAS $aMONLET BAS $aMONOGR BAS $aLETTERE CAT $aLAURINO$b01$c19990805$lBAS01$h0948 CAT $aCARLUCCI$b01$c19990805$lBAS01$h1336 CAT $aCARLUCCI$b01$c19990806$lBAS01$h0929 CAT $aSTOLFI$b01$c19990811$lBAS01$h0931 CAT $aDILEO$b20$c19990812$lBAS01$h1608 CAT $aDILEO$b20$c19990812$lBAS01$h1646 CAT $aDILEO$b01$c20000809$lBAS01$h0934 CAT $c20000913$lBAS01$h1425 CAT $c20000920$lBAS01$h1829 CAT $c20001010$lBAS01$h1632 CAT $c20050601$lBAS01$h1752 CAT $abatch$b01$c20050718$lBAS01$h1047 CAT $c20050718$lBAS01$h1106 CAT $c20050718$lBAS01$h1136 CAT $c20050718$lBAS01$h1150 CAT $aBATCH$b00$c20070503$lBAS01$h1731 CAT $aATR$b40$c20090305$lBAS01$h1057 CAT $aATR$b40$c20090904$lBAS01$h1111 FMT Z30 -1$lBAS01$LBAS01$mBOOK$1BASA1$APolo Storico-Umanistico$2GEN$BCollezione generale$3FP/2552$9FP/2552$62552$5L2552$819990805$f02$FPrestabile Generale